LEADER 01574nam a2200325 u 4500 001 000000055583 003 CaOOAMICUS 005 20070226115812.0 008 010209m1979 it u000 u ita u 035 $a10867426 040 $aIRF$bita$dPUL(R) 041 1 $aita$hger 100 1 $aHeichelheim, Fritz M.$q(Fritz Moritz),$d1901-1968.$0(OLS)http://pul/name/39058 240 10$aWirtschaftsgeschichte des Altertums.$lItaliano.$0(OLS)http://pul/title/74389 245 10$aStoria economica del mondo antico /$cFritz M. Heichelheim ; traduzione di Sergio Sciacca. 260 $aRoma :$bLaterza,$c1979. 300 $a5 v. ;$c18 cm 490 1 $aUniversale Laterza ;$v507/511 504 $aIncludes bibliographical references. 505 0 $av. 1. La preistoria -- v. 2. L'antico Oriente -- v. 3. La Grecia -- v. 4. La repubblica romana -- v. 5. L'impero romano. 650 0$aHistory, Ancient.$2//eng$0(OLS)http://pul/subject/3642 650 0$aEconomic anthropology.$2//eng$0(OLS)http://pul/subject/22548 650 0$aIndustries, Primitive.$2//eng$0(OLS)http://pul/subject/22549 650 0$aEconomic history$yTo 500.$2//eng$0(OLS)http://pul/subject/7822 830 0$aUniversale Laterza ;$v507/511.$0(OLS)http://pul/title/569 850 $aPUL 852 $aPUL$W1$xDP1 Altre Collocazioni$y17$mSenza collocazione$j12$nBK-PRI$b $qStampati$B73049$CPULBib$Z2$F73049 $H $81 941 1 $a8 996 $6245$aStoria economica del mondo antico$9(OLS)http://pul/title/74390 996 $6260$aRoma :$bLaterza$9(OLS)http://pul/publisher/47864 LEADER 01399nam a2200289 u 4500 001 000000055855 003 CaOOAMICUS 005 20070226120417.0 008 010322s1977 it u000 u ita u 035 $a10869797 040 $aPUL(R)$bita 245 00$aSpiritualitą dell'azione :$bContributo per un approfondimento /$ca cura di Mario Midali ; J. Aubry...[et al.]. 260 $aRoma :$bLAS,$c1977. 300 $a302 p. ;$c26 cm 490 1 $aBiblioteca di scienze religiose ;$v17 500 $aStudi di Spiritualitą a cura dell'Istituto di Spiritualitą della Facoltą di Teologia dell'Universitą Pontificia Salesiana. 650 4$aSpiritualitą.$0(OLS)http://pul/subject/843 700 1 $aAubry, Joseph,$cS.D.B.$0(OLS)http://pul/name/37963 700 1 $aMidali, Mario,$cS.D.B.$0(OLS)http://pul/name/5326 830 0$aBiblioteca di scienze religiose (Libreria Ateneo salesiano) ;$v17.$0(OLS)http://pul/title/491 850 $aPUL 852 $aPUL$W1$xSL Religione 2$y84$mTheol A3 17$j73383$n $b $qStampati altre collocazioni$B73383$CPULBib$Z2$F73383 $H $81 941 1 $a10 983 0$aNuova biblioteca di scienze religiose. 983 0$aBiblioteca di scienze religiose (LAS) 996 $6245$aSpiritualitą dell'azione :$bContributo per un approfondimento$9(OLS)http://pul/title/74768 996 $6260$aRoma :$bLAS$9(OLS)http://pul/publisher/48069